000 00792nmm a2200265 a 4500
001 ocm0001349930
003 TR-IsHL
005 20201028161024.0
008 161016s2014 tu tur
007 cr cn
020 _a9786051623368
035 _a1349930
_b(N$T)
050 0 4 _aD21
_b.C45
090 0 4 _aD21
_b.C45
100 1 _aÇelebi, İrfan Gürkan
245 1 0 _aGençler için tarihi değiştiren olaylar
_h[electronic resource] /
_cİrfan Gürkan Çelebi
260 _aİstanbul :
_bGenç Nesil,
_c2014
300 _a233 p.
650 4 _aTarih
650 4 _aHistory
650 0 _aDünya tarihi
650 0 _aWorld History
650 7 _aHISTORY / World
_2bisacsh
856 4 0 _uhttp://search.ebscohost.com/login.aspx?direct=true&scope=site&db=e011xww&AN=1349930
999 _c13905
_d13905